000 01651nam a2200349 i 4500
001 000038555
003 DO-SdBPM
005 20250923114613.0
007 ta
008 100205s20152016dr d 000 0 spa d
040 _aDO-SdBPM
_bspa
_cBPMSU
_erda
_drda
082 4 _a317.97293
_bR426e 2016
_222
110 2 _aRepública Dominicana.
_b Oficina Nacional de Estadística
111 _d
_916
245 1 0 _aEncuesta nacional de hogares de propósitos múltiples (ENHOGAR-2015) :
_bseguridad ciudadana en la República Dominicana /
_cpresentación Pablo Tactuk.
246 1 3 _aFacículo 1 : Seguridad Ciudadana en la República Dominicana
264 _aSanto Domingo :
_b Oficina Nacional de Estadística (ONE),
_c2016.
300 _a95 paginas:
_bIilustraciones, gráficos. ;
_c28 cm.
336 _2rdacontent
_atexto
_btxt
337 _2rdamedia
_asin mediación
_bn
338 _2rdacarrier
_avolumen
_bnc
505 0 _aAntecedentes de las encuestas sobre seguridad ciudadana 13 -- Aspectos metodológicos de la ENHOGAR-2015 18 -- Características básicas de la población estudiad 22 -- Percepción sobre la seguridad ciudadana 24 -- Prevalencia de actos delictivos 46 --Denuncia de los actos delictivos 59
590 _aInventariado,2025/VM
650 7 _aEncuestas de hogares
_zRepública Dominicana
650 7 _aEncuestas de viviendas
_zRepública Dominicana
651 7 _aRepública Dominicana
_xPoblación
_x Estadísticas
_2
700 1 _aTactuk, Pablo
_epresentación
700 z _aTactux, Pablo
710 2 _aFondo de las Naciones Unidas para la Infancia
910 _aVMateo V. Control de calidad. BPMSU
942 _2ddc
_cBK
999 _c15408
_d15408